000 00819nam a22002057a 4500
999 _c163606
_d163606
005 20190424163045.0
010 _aUR-10034
020 _c300.00
_a9789383239757
035 _aU-8589
037 _bDBAD/PUB
082 _a270
100 _aا بر ا ر ا حمد
245 _aنقو ش کف پا ۓ مصطفہ(صلیاللہ علیہ و صلعم)
_cا بر ا ر ا حمد
246 _bNaqoosh-e-Kaf Paye Mustufa(Sallalaho Aleh Wasalum)(Urdu)
_aby Abrar Ahmed
260 _aNew Delhi
_bApplied Books
_c2017
270 _a1739/3,Ground Floor,New kohinoor hotel,Patodi House,Dariya Ganj ,
_bNew Delhi
_e110002
_k011-23266347
_l-
300 _a424 ص
_c22 Cm.(bk)
500 _aدو حصہ
942 _2ddc
_cUR
_h842.425
_mخ ر ش